Územní plánování a urbanismus

Salvato in:
Dettagli Bibliografici
Natura: Periodico
Lingua:ceco
Pubblicazione: Praha Terplan 1986
Tags: Aggiungi Tag
Nessun Tag, puoi essere il primo ad aggiungerne!!

MARC

LEADER 00000nas2a2200000 4500
001 s022401
005 20250730114131.2
041 0 |a cze 
044 |a CZ 
245 1 0 |a Územní plánování a urbanismus 
264 1 |a Praha  |b Terplan  |c 1986 
300 |a 1 zv. 
773 0 |w eu_un_cat*s120274